000
00310nam a22001457a 4500
008
230921b ||||| |||| 00| 0 eng d
020
_a
0867200189
041
_a
eng
080
_a
521
082
_a
521BOW
100
_a
19
101
_a
ASTRO
245
_a
ASTROPHYSICS I STARS
_c
BOWERS.R
942
_2
udc
_c
BK
999
_c
60385
_d
60385